000 00714nam a2200229 a 4500
008
020 _a0751400173 (hbk.)
049 _aMAIN
090 _aTS1120.5
_bTEC
245 0 0 _aTechnology of paper recycling /
_cedited by R. W. J. McKinney.
260 _aLondon :
_bBlackie Academic & Professional,
_cc1995.
300 _axiv, 401 p. :
_bill. ;
_c24 cm.
504 _aIncludes bibliographical references.
500 _aIncludes index.
650 0 _aWaste paper
_xRecycling.
700 1 _aMcKinney, R. W. J.
_q(Roland W. J.)
907 _a.b10112492
_b24-03-22
_c20-02-04
003
005 20230123133831.0
040 _cNUST
942 _cBOOKS
_kTS1120.5
_mTEC
999 _c155437
_d155437